Statistics for Most Listened to Rap Songs

Click here to take the quiz!

General Stats

  • This quiz has been taken 357 times
  • The average score is 6 of 20

Answer Stats

Artist/BandSong% Correct
Lil PumpGucci Gang
91%
Post MaloneRockstar
79%
Cardi BBodak Yellow
65%
21 SavageBank Account
57%
Migos,Nicki Minaj,Cardi BMotorSport
47%
6ix9ineGummo
43%
Logic1-800-273-8255
40%
Offset,Metro BoominRic Flair Drip
28%
YBN NahmirRubbin Off the Paint
23%
A$AP FergPlain Jane
21%
NFLet You Down
17%
Kendrick LamarLove
17%
G-EasyNo Limit
16%
Gucci ManeI Get The Bag
15%
Yo GottiRake It Up
15%
GoldLinkCrew
12%
Lil Uzi VertThe Way Life Goes
9%
Post MaloneI Fall Apart
8%
EminemWalk on Water
3%
Chris BrownPills and Automobiles
2%

Score Distribution

Percentile by Number Answered

Percent of People with Each Score

Your Score History

You have not taken this quiz